Saturday Stumper #5 - Statistics

General Stats
  • This quiz has been taken 19,076 times
  • The average score is 13 of 24
Answer Stats
Hint Answer % Correct
rpet Carpet
90%
voy Convoy
68%
pth Depth
68%
gime Regime
68%
tlass Cutlass
66%
mur Murmur
66%
uple Couple
61%
az Topaz
59%
rdian Guardian
58%
abet Alphabet
57%
undary Boundary
54%
nze Bronze
54%
aud Fraud
53%
ooth Smooth
53%
iek Shriek
51%
mach Stomach
51%
lf Shelf
47%
egar Vinegar
44%
ucer Saucer
42%
amid Pyramid
33%
aust Exhaust
32%
ason Treason
30%
apon Weapon
30%
kel Snorkel
22%
No matching quizzes found
Score Distribution
Percent of People with Each Score
Percentile by Number Answered
Your Score History
You have not taken this quiz